[Event "MCRE_CF_07"]
[Site "?"]
[Date "2005.??.??"]
[Round "?"]
[White "Kratochvil, Vaclav"]
[Black "Ksir, Bohumil"]
[Result "1-0"]
[WhiteElo "2134"]
[BlackElo "2167"]
[PlyCount "22"]
[EventDate "2005.??.??"]
[EventType "corr"]
[EventRounds "2"]
[SourceDate "2005.10.20"]

1. e4 c5 2. Nf3 Nc6 3. d4 cxd4 4. Nxd4 Nf6 5. Nc3 e5 6. Ndb5 d6 7. Bg5 a6 8.
Na3 b5 9. Bxf6 gxf6 10. Nd5 f5 11. c3 Bg7 1-0

[Event "MCRE_CF_07"]
[Site "?"]
[Date "2005.??.??"]
[Round "?"]
[White "Ksir, Bohumil"]
[Black "Stika, Vaclav"]
[Result "0-1"]
[WhiteElo "2167"]
[BlackElo "2028"]
[PlyCount "24"]
[EventDate "2005.??.??"]
[EventType "corr"]
[EventRounds "2"]
[SourceDate "2005.10.20"]

1. d4 Nf6 2. c4 e6 3. Nf3 b6 4. g3 Bb7 5. Bg2 Be7 6. O-O O-O 7. d5 exd5 8. Nh4
c6 9. cxd5 Nxd5 10. Nf5 Nf6 11. e4 d5 12. Nc3 Re8 0-1

[Event "MCRE_CF_07"]
[Site "?"]
[Date "2005.??.??"]
[Round "?"]
[White "Stika, Vaclav"]
[Black "Ksir, Bohumil"]
[Result "1-0"]
[WhiteElo "2039"]
[BlackElo "2167"]
[PlyCount "31"]
[EventDate "2005.??.??"]
[EventType "corr"]
[EventRounds "2"]
[SourceDate "2005.10.20"]

1. e4 c5 2. Nf3 Nc6 3. d4 cxd4 4. Nxd4 Nf6 5. Nc3 e5 6. Ndb5 d6 7. Bg5 a6 8.
Na3 b5 9. Bxf6 gxf6 10. Nd5 f5 11. Bd3 Be6 12. O-O Bxd5 13. exd5 Ne7 14. Nxb5
Bg7 15. Nc3 e4 16. Bc4 1-0

[Event "MCRE_CF_07"]
[Site "?"]
[Date "2005.??.??"]
[Round "?"]
[White "Vojtek, Frantisek"]
[Black "Kratochvil, Vaclav"]
[Result "1-0"]
[WhiteElo "2196"]
[BlackElo "2134"]
[PlyCount "37"]
[EventDate "2005.??.??"]
[EventType "corr"]
[EventRounds "2"]
[SourceDate "2005.10.20"]

1. e4 c5 2. Nf3 e6 3. d4 cxd4 4. Nxd4 Nc6 5. Nc3 Qc7 6. Be2 a6 7. O-O b5 8.
Nxc6 dxc6 9. f4 Bb7 10. Be3 Rd8 11. Qe1 c5 12. a3 f5 13. exf5 exf5 14. Bh5+ Kd7
15. Rd1+ Kc8 16. Rxd8+ Qxd8 17. Qe2 Qd2 18. Bxd2 Nf6 19. Qe6+ 1-0

[Event "MCRE_CF_07"]
[Site "?"]
[Date "2005.??.??"]
[Round "?"]
[White "Mateka, Petr"]
[Black "Ksir, Bohumil"]
[Result "1-0"]
[WhiteElo "2183"]
[BlackElo "2167"]
[PlyCount "31"]
[EventDate "2005.??.??"]
[EventType "corr"]
[EventRounds "2"]
[SourceDate "2005.10.20"]

1. e4 c5 2. Nf3 Nc6 3. d4 cxd4 4. Nxd4 Nf6 5. Nc3 e5 6. Ndb5 d6 7. Nd5 Nxd5 8.
exd5 Ne7 9. c4 Nf5 10. Bd3 Be7 11. O-O a6 12. Nc3 Nh4 13. f4 Qb6+ 14. Kh1 f5
15. fxe5 dxe5 16. Na4 1-0

[Event "MCRE_CF_07"]
[Site "?"]
[Date "2005.??.??"]
[Round "?"]
[White "Ksir, Bohumil"]
[Black "Mateka, Petr"]
[Result "0-1"]
[WhiteElo "2167"]
[BlackElo "2183"]
[PlyCount "24"]
[EventDate "2005.??.??"]
[EventType "corr"]
[EventRounds "2"]
[SourceDate "2005.10.20"]

1. d4 Nf6 2. c4 e6 3. Nc3 Bb4 4. e3 O-O 5. Bd3 d5 6. Nf3 c5 7. O-O dxc4 8. Bxc4
cxd4 9. exd4 b6 10. Bg5 Bb7 11. Ne5 h6 12. Bh4 Nbd7 0-1

[Event "MCRE_CF_07"]
[Site "?"]
[Date "2005.??.??"]
[Round "?"]
[White "Vojtek, Frantisek"]
[Black "Ksir, Bohumil"]
[Result "1-0"]
[WhiteElo "2196"]
[BlackElo "2167"]
[PlyCount "28"]
[EventDate "2005.??.??"]
[EventType "corr"]
[EventRounds "2"]
[SourceDate "2005.10.20"]

1. e4 c5 2. Nf3 Nc6 3. d4 cxd4 4. Nxd4 Nf6 5. Nc3 e5 6. Ndb5 d6 7. Bg5 a6 8.
Na3 b5 9. Nd5 Be7 10. Bxf6 Bxf6 11. c3 O-O 12. Nc2 Bg5 13. a4 bxa4 14. Rxa4 a5
1-0

[Event "MCRE_CF_07"]
[Site "?"]
[Date "2005.??.??"]
[Round "?"]
[White "Ksir, Bohumil"]
[Black "Vojtek, Frantisek"]
[Result "0-1"]
[WhiteElo "2167"]
[BlackElo "2196"]
[PlyCount "21"]
[EventDate "2005.??.??"]
[EventType "corr"]
[EventRounds "2"]
[SourceDate "2005.10.20"]

1. e4 e5 2. Nf3 Nc6 3. Bb5 a6 4. Ba4 Nf6 5. O-O Be7 6. Re1 b5 7. Bb3 O-O 8. a4
Bb7 9. d3 d6 10. Nc3 Na5 11. Ba2 0-1

[Event "MCRE_CF_07"]
[Site "?"]
[Date "2005.??.??"]
[Round "?"]
[White "Ksir, Bohumil"]
[Black "Fric, Pavel"]
[Result "0-1"]
[WhiteElo "2167"]
[BlackElo "2000"]
[PlyCount "20"]
[EventDate "2005.??.??"]
[EventType "corr"]
[EventRounds "2"]
[SourceDate "2005.10.20"]

1. Nf3 Nf6 2. d4 d5 3. c4 e6 4. Nc3 c6 5. Bg5 Nbd7 6. cxd5 exd5 7. e3 Be7 8.
Bd3 O-O 9. Qc2 Re8 10. O-O Nf8 0-1

[Event "MCRE_CF_07"]
[Site "?"]
[Date "2005.??.??"]
[Round "?"]
[White "Fric, Pavel"]
[Black "Kratochvil, Vaclav"]
[Result "1/2-1/2"]
[WhiteElo "2000"]
[BlackElo "2134"]
[PlyCount "60"]
[EventDate "2005.??.??"]
[EventType "corr"]
[EventRounds "2"]
[SourceDate "2005.10.20"]

1. e4 c5 2. Nf3 e6 3. d4 cxd4 4. Nxd4 Nc6 5. Nc3 a6 6. Be3 Qc7 7. Qd2 Nf6 8. f3
d5 9. exd5 Nxd5 10. Nxd5 exd5 11. O-O-O Bd6 12. Kb1 O-O 13. h4 Re8 14. h5 Bd7
15. g4 Rac8 16. Bd3 Ne5 17. g5 Bc5 18. g6 fxg6 19. hxg6 h6 20. Bxh6 Bxd4 21.
Bxg7 Nxf3 22. Rh8+ Kxg7 23. Qh6+ Kf6 24. Rh7 Qh2 25. Qg7+ Kg5 26. Qxd7 Nd2+ 27.
Ka1 Bxb2+ 28. Kxb2 Qe5+ 29. Kc1 Qa1+ 30. Kxd2 Qc3+ 1/2-1/2

[Event "MCRE_CF_07"]
[Site "?"]
[Date "2005.??.??"]
[Round "?"]
[White "Ksir, Bohumil"]
[Black "Prochazka, Ivan"]
[Result "0-1"]
[WhiteElo "2167"]
[BlackElo "2039"]
[PlyCount "20"]
[EventDate "2005.??.??"]
[EventType "corr"]
[EventRounds "2"]
[SourceDate "2005.10.20"]

1. d4 Nf6 2. c4 g6 3. Nc3 d5 4. cxd5 Nxd5 5. e4 Nxc3 6. bxc3 Bg7 7. Nf3 c5 8.
Rb1 O-O 9. Be2 b6 10. O-O Bb7 0-1

[Event "MCRE_CF_07"]
[Site "?"]
[Date "2005.??.??"]
[Round "?"]
[White "Kratochvil, Vaclav"]
[Black "Vojtek, Frantisek"]
[Result "1/2-1/2"]
[WhiteElo "2134"]
[BlackElo "2196"]
[PlyCount "59"]
[EventDate "2005.??.??"]
[EventType "corr"]
[EventRounds "2"]
[SourceDate "2005.10.20"]

1. e4 e5 2. Nf3 Nc6 3. d4 exd4 4. Nxd4 Bc5 5. Nb3 Bb6 6. Nc3 d6 7. Be2 Qh4 8.
g3 Qf6 9. Bf4 Nge7 10. Qd2 O-O 11. f3 Be6 12. O-O-O Bxb3 13. cxb3 Nd4 14. h4
Rfe8 15. Kb1 Rad8 16. h5 h6 17. g4 Nxe2 18. Nxe2 d5 19. Nc3 Ba5 20. Qc1 Bxc3
21. bxc3 dxe4 22. Rxd8 Rxd8 23. fxe4 Qe6 24. Qe3 Qxg4 25. Kc1 Re8 26. Qf2 Kh8
27. Bd2 Qxe4 28. Re1 Qd5 29. c4 Qxh5 30. Bb4 1/2-1/2

[Event "MCRE_CF_07"]
[Site "?"]
[Date "2005.??.??"]
[Round "?"]
[White "Stika, Vaclav"]
[Black "Vojtek, Frantisek"]
[Result "1/2-1/2"]
[WhiteElo "2028"]
[BlackElo "2196"]
[PlyCount "48"]
[EventDate "2005.??.??"]
[EventType "corr"]
[EventRounds "2"]
[SourceDate "2005.10.20"]

1. e4 e5 2. Nf3 Nc6 3. Bb5 Nf6 4. O-O Nxe4 5. d4 Nd6 6. Bxc6 dxc6 7. dxe5 Nf5
8. Qxd8+ Kxd8 9. Nc3 Ne7 10. h3 Ng6 11. Rd1+ Ke8 12. Ne4 Bf5 13. Re1 Rd8 14.
Bd2 Be7 15. Ba5 Rd7 16. Bc3 Nf4 17. Nd4 Bg6 18. Nb3 b5 19. Nf6+ gxf6 20. exf6
Rg8 21. Nc5 Nxg2 22. Kxg2 Be4+ 23. Kf1 Bg2+ 24. Kg1 Be4+ 1/2-1/2

[Event "MCRE_CF_07"]
[Site "?"]
[Date "2005.??.??"]
[Round "?"]
[White "Fric, Pavel"]
[Black "Stika, Vaclav"]
[Result "1-0"]
[WhiteElo "2000"]
[BlackElo "2028"]
[PlyCount "52"]
[EventDate "2005.??.??"]
[EventType "corr"]
[EventRounds "2"]
[SourceDate "2005.10.20"]

1. d4 Nf6 2. c4 e6 3. Nc3 Bb4 4. e3 c5 5. Nge2 cxd4 6. exd4 O-O 7. a3 Be7 8.
Nf4 d5 9. cxd5 Nxd5 10. Ncxd5 exd5 11. Bd3 Nc6 12. O-O Bf6 13. Be3 g6 14. Rc1
Nxd4 15. Bxd4 Bxd4 16. Bxg6 Bg7 17. Bb1 Qh4 18. g3 Qg5 19. b4 Rd8 20. h4 Qh6
21. Re1 a5 22. Rc7 axb4 23. Ree7 bxa3 24. Rxf7 a2 25. Bxa2 Rxa2 26. Qh5 Ra1+
1-0

[Event "MCRE_CF_07"]
[Site "?"]
[Date "2005.??.??"]
[Round "?"]
[White "Stika, Vaclav"]
[Black "Fric, Pavel"]
[Result "0-1"]
[WhiteElo "2028"]
[BlackElo "2000"]
[PlyCount "58"]
[EventDate "2005.??.??"]
[EventType "corr"]
[EventRounds "2"]
[SourceDate "2005.10.20"]

1. e4 c5 2. Nf3 Nc6 3. d4 cxd4 4. Nxd4 Nf6 5. Nc3 e5 6. Ndb5 d6 7. Bg5 a6 8.
Na3 b5 9. Nd5 Be7 10. Bxf6 Bxf6 11. c3 O-O 12. Nc2 Bg5 13. a4 bxa4 14. Rxa4 a5
15. h4 Bh6 16. g4 Bf4 17. Na3 Be6 18. Nc4 Ne7 19. Nxf4 exf4 20. Qxd6 Qe8 21. b3
Nd5 22. Qe5 f6 23. Qd4 Rd8 24. Nd6 Rxd6 25. c4 Bd7 26. cxd5 Bxa4 27. bxa4 f3
28. Kd2 Qg6 29. e5 fxe5 0-1

[Event "MCRE_CF_07"]
[Site "?"]
[Date "2005.??.??"]
[Round "?"]
[White "Kratochvil, Vaclav"]
[Black "Prochazka, Ivan"]
[Result "1-0"]
[WhiteElo "2134"]
[BlackElo "2039"]
[PlyCount "69"]
[EventDate "2005.??.??"]
[EventType "corr"]
[EventRounds "2"]
[SourceDate "2005.10.20"]

1. e4 e5 2. Nf3 Nc6 3. Bb5 Nf6 4. O-O Nxe4 5. d4 Nd6 6. Bxc6 dxc6 7. dxe5 Nf5
8. Qxd8+ Kxd8 9. Nc3 Ke8 10. b3 Bb4 11. Ne4 Be6 12. c4 h6 13. h3 Rd8 14. Bb2
Be7 15. Rad1 b6 16. Rxd8+ Kxd8 17. g4 Nh4 18. Nd4 Bd7 19. f4 c5 20. Nb5 a6 21.
Nbc3 h5 22. f5 hxg4 23. hxg4 Bc6 24. Nd5 Kd7 25. Bc3 Bd8 26. Kf2 a5 27. Kg3 Kc8
28. Rd1 a4 29. Nxb6+ cxb6 30. Nd6+ Kc7 31. Nxf7 Rg8 32. Rxd8 Nxf5+ 33. gxf5
Rxd8 34. Nxd8 Kxd8 35. e6 1-0

[Event "MCRE_CF_07"]
[Site "?"]
[Date "2005.??.??"]
[Round "?"]
[White "Prochazka, Ivan"]
[Black "Kratochvil, Vaclav"]
[Result "0-1"]
[WhiteElo "2039"]
[BlackElo "2134"]
[PlyCount "68"]
[EventDate "2005.??.??"]
[EventType "corr"]
[EventRounds "2"]
[SourceDate "2005.10.20"]

1. e4 c5 2. Nc3 Nc6 3. f4 e6 4. Nf3 d5 5. Bb5 Nge7 6. exd5 Nxd5 7. Bxc6+ bxc6
8. d3 c4 9. dxc4 Nxc3 10. Qxd8+ Kxd8 11. bxc3 Kc7 12. Be3 c5 13. O-O Rb8 14.
Rab1 Rxb1 15. Rxb1 f6 16. Kf2 Kc6 17. Nd2 Bd6 18. Ne4 Be7 19. Kf3 h6 20. Nd2 g5
21. Nb3 gxf4 22. Kxf4 h5 23. Kf3 h4 24. Bf2 Bd6 25. Na5+ Kc7 26. Rd1 f5 27. Ke2
h3 28. g3 Rg8 29. Rd2 f4 30. gxf4 Bxf4 31. Rd3 e5 32. Rd5 Bg4+ 33. Kf1 Bxh2 34.
Bxc5 Bf4 0-1

[Event "MCRE_CF_07"]
[Site "?"]
[Date "2005.??.??"]
[Round "?"]
[White "Kratochvil, Vaclav"]
[Black "Mateka, Petr"]
[Result "0-1"]
[WhiteElo "2167"]
[BlackElo "2183"]
[PlyCount "110"]
[EventDate "2005.??.??"]
[EventType "corr"]
[EventRounds "2"]
[SourceDate "2005.10.20"]

1. e4 e5 2. Nf3 Nc6 3. Bb5 a6 4. Ba4 Nf6 5. O-O Be7 6. Re1 b5 7. Bb3 O-O 8. c3
d6 9. h3 Na5 10. Bc2 c5 11. d4 Qc7 12. Nbd2 Nc6 13. dxc5 dxc5 14. Nf1 Be6 15.
Ne3 Rfd8 16. Qe2 h6 17. b3 Bf8 18. Bb2 g6 19. c4 Nd4 20. Nxd4 cxd4 21. Nd5 Bxd5
22. cxd5 Nh5 23. g3 b4 24. Bd3 a5 25. Rac1 Qd7 26. Kg2 Rac8 27. Bb5 Qd6 28.
Rxc8 Rxc8 29. Bc6 Nf6 30. Qa6 Qd8 31. f4 exf4 32. Bxd4 Nh5 33. Rf1 fxg3 34. Qb7
Rc7 35. Qb6 Bg7 36. Bxg7 Kxg7 37. e5 Qh4 38. d6 Rxc6 39. Qxc6 Nf4+ 40. Rxf4
Qxf4 41. Qc2 h5 42. Qb2 h4 43. e6+ f6 44. e7 Qe4+ 45. Kg1 Qe3+ 46. Kg2 Kf7 47.
d7 Qe4+ 48. Kg1 Kxe7 49. Qxf6+ Kxd7 50. Qf7+ Kc6 51. Qf6+ Kc5 52. Qf1 Qe3+ 53.
Kg2 Qf2+ 54. Qxf2+ gxf2 55. Kxf2 Kd4 0-1

[Event "MCRE_CF_07"]
[Site "?"]
[Date "2005.??.??"]
[Round "?"]
[White "Kratochvil, Vaclav"]
[Black "Fric, Pavel"]
[Result "1-0"]
[WhiteElo "2134"]
[BlackElo "2000"]
[PlyCount "195"]
[EventDate "2005.??.??"]
[EventType "corr"]
[EventRounds "2"]
[SourceDate "2005.10.20"]

1. e4 c5 2. Nf3 d6 3. d4 cxd4 4. Nxd4 Nf6 5. Nc3 a6 6. Bg5 e6 7. f4 Qb6 8. Nb3
Be7 9. Be2 Nbd7 10. Qd3 Qc7 11. Bf3 Rb8 12. O-O-O b5 13. Bxf6 Nxf6 14. g4 Nd7
15. Ne2 e5 16. Qd2 b4 17. Ng3 a5 18. Nf5 a4 19. Na1 Bf8 20. Be2 Rb6 21. Ne3 Bb7
22. Nc4 Rc6 23. Ne3 Rc5 24. Qxb4 d5 25. Qxa4 Ra5 26. Qb3 d4 27. Nd5 Bxd5 28.
exd5 Bc5 29. fxe5 Nxe5 30. Bb5+ Ke7 31. d6+ Bxd6 32. Rxd4 Rb8 33. Rd5 Raxb5 34.
Rxb5 Qc6 35. Rxe5+ Bxe5 36. Qa3+ Ke8 37. Re1 f6 38. Nb3 Ra8 39. Nd4 Qd5 40. Qf3
Qxa2 41. c3 Rb8 42. Rxe5+ fxe5 43. Qc6+ Kd8 44. Ne6+ Ke7 45. Qc7+ Kxe6 46. Qxb8
Qa1+ 47. Kc2 Qg1 48. Qc8+ Ke7 49. Qc7+ Ke6 50. Qc4+ Kf6 51. Qe2 Qa7 52. b4 Qa2+
53. Kd3 Qd5+ 54. Ke3 Ke7 55. h4 Qh1 56. h5 g6 57. Qf3 Qa1 58. Qb7+ Kf6 59. Qc6+
Kg5 60. b5 Qc1+ 61. Kd3 Qd1+ 62. Ke4 Qe2+ 63. Kd5 e4 64. hxg6 hxg6 65. Ke5 Kh4
66. b6 Qh2+ 67. Kd5 Qd2+ 68. Ke6 e3 69. b7 Qd8 70. Qh1+ Kg3 71. Qe1+ Kf3 72.
Qf1+ Kg3 73. Qb5 Qb8 74. Kf6 Kxg4 75. Qe2+ Kh4 76. Qxe3 Qxb7 77. Kxg6 Qa6+ 78.
Kf5 Qc8+ 79. Kf4 Qg4+ 80. Ke5 Qg7+ 81. Kd6 Qf6+ 82. Kc7 Qf7+ 83. Kd6 Qg6+ 84.
Kd5 Qf5+ 85. Qe5 Qd7+ 86. Qd6 Qb5+ 87. Kd4 Qb2 88. Qb4 Qf2+ 89. Kd5+ Kh3 90.
Qd4 Qf3+ 91. Kd6 Qf8+ 92. Kc7 Kg2 93. c4 Qe7+ 94. Kb6 Qe6+ 95. Ka5 Qe1+ 96. Ka4
Qe8+ 97. Kb3 Qb8+ 98. Kc2 1-0

[Event "MCRE_CF_07"]
[Site "?"]
[Date "2005.??.??"]
[Round "?"]
[White "Mateka, Petr"]
[Black "Kratochvil, Vaclav"]
[Result "1-0"]
[WhiteElo "2183"]
[BlackElo "2134"]
[PlyCount "115"]
[EventDate "2005.??.??"]
[EventType "corr"]
[EventRounds "2"]
[SourceDate "2005.10.20"]

1. e4 c5 2. Nf3 Nc6 3. d4 cxd4 4. Nxd4 Nf6 5. Nc3 Qb6 6. Be3 a6 7. Nxc6 Qxc6 8.
Nd5 Nxd5 9. exd5 Qd6 10. c4 e6 11. Qd4 e5 12. Qd2 Qg6 13. f4 e4 14. Be2 Be7 15.
g4 Bh4+ 16. Kd1 f5 17. d6 Qf7 18. c5 O-O 19. Rc1 Kh8 20. gxf5 Qxf5 21. Rg1 Rb8
22. Qb4 Bf6 23. Qb3 Qh3 24. Rc2 b5 25. cxb6 Bb7 26. Bg4 Qh4 27. Rc5 Qh6 28. Rh5
Qg6 29. Be2 Qe8 30. Rg3 Qe6 31. Qxe6 dxe6 32. Bc4 Rfd8 33. Bc5 Rbc8 34. b4
Rxd6+ 35. Bxd6 Rd8 36. a4 Rxd6+ 37. Ke2 Rxb6 38. b5 Bd4 39. a5 Rd6 40. bxa6
Bxa6 41. Bxa6 Rxa6 42. Rb5 Kg8 43. Ra3 Kf8 44. Ra4 Bc3 45. Ke3 Ke7 46. Ra3 Bf6
47. Kxe4 Kd7 48. Ra2 Kc6 49. Rb3 h6 50. Rc2+ Kd7 51. Rb7+ Kd8 52. Rc5 Rd6 53.
Rb8+ Kd7 54. Rb4 Rd1 55. Rcc4 Re1+ 56. Kf3 Rf1+ 57. Ke2 Ra1 58. Ra4 1-0

[Event "MCRE_CF_07"]
[Site "?"]
[Date "2005.??.??"]
[Round "?"]
[White "Mateka, Petr"]
[Black "Stika, Vaclav"]
[Result "1-0"]
[WhiteElo "2183"]
[BlackElo "2028"]
[PlyCount "91"]
[EventDate "2005.??.??"]
[EventType "corr"]
[EventRounds "2"]
[SourceDate "2005.10.20"]

1. e4 e5 2. Nf3 Nc6 3. Bb5 a6 4. Ba4 Nf6 5. O-O Be7 6. Re1 b5 7. Bb3 d6 8. c3
O-O 9. h3 Na5 10. Bc2 c5 11. d4 Qc7 12. Nbd2 cxd4 13. cxd4 Bb7 14. a4 Nc6 15.
Nb3 Rfb8 16. d5 Nb4 17. Bb1 a5 18. Bd2 Qd7 19. Bxb4 axb4 20. a5 Ne8 21. Re2 Ra7
22. Qd2 f5 23. exf5 Nf6 24. Be4 Rf8 25. g4 g6 26. Rd1 Nxe4 27. Rxe4 gxf5 28.
Rxb4 Bc8 29. Ng5 Qe8 30. Ne6 Bxe6 31. Qe3 Rc7 32. dxe6 Rc4 33. Rxc4 bxc4 34.
Nd2 Qa4 35. Qe2 Qc2 36. Kf1 Rc8 37. gxf5 d5 38. Nxc4 Qxc4 39. Qxc4 dxc4 40. Rd7
Re8 41. a6 Kg7 42. Kg2 Kf6 43. a7 Ra8 44. Kf3 Rc8 45. Ke4 h6 46. Rc7 1-0

[Event "MCRE_CF_07"]
[Site "?"]
[Date "2005.??.??"]
[Round "?"]
[White "Stika, Vaclav"]
[Black "Mateka, Petr"]
[Result "1/2-1/2"]
[WhiteElo "2028"]
[BlackElo "2183"]
[PlyCount "89"]
[EventDate "2005.??.??"]
[EventType "corr"]
[EventRounds "2"]
[SourceDate "2005.10.20"]

1. e4 e5 2. Nf3 Nc6 3. Bb5 a6 4. Ba4 Nf6 5. O-O Be7 6. Re1 b5 7. Bb3 O-O 8. c3
d6 9. h3 Na5 10. Bc2 c5 11. d4 Qc7 12. Nbd2 Nc6 13. d5 Na5 14. Nf1 Nc4 15. Ng3
Nb6 16. Nh4 g6 17. Bh6 Re8 18. Nf3 a5 19. Nd2 a4 20. Qf3 Bd7 21. Rab1 Kh8 22.
Rbc1 Ng8 23. Be3 Qc8 24. b4 axb3 25. axb3 Rf8 26. b4 f5 27. exf5 gxf5 28. Nh5
Be8 29. bxc5 dxc5 30. c4 b4 31. Qe2 Bg6 32. f4 e4 33. Ra1 Qc7 34. Rf1 Bd6 35.
Rxa8 Rxa8 36. Bb3 Ra3 37. Ng3 Nf6 38. Qf2 Na4 39. Bxa4 Rxa4 40. Nb3 Nd7 41. Rb1
Kg8 42. Nf1 Ra8 43. Ra1 Ra3 44. Rb1 Ra6 45. Ra1 1/2-1/2

[Event "MCRE_CF_07"]
[Site "?"]
[Date "2005.??.??"]
[Round "?"]
[White "Stika, Vaclav"]
[Black "Kratochvil, Vaclav"]
[Result "1/2-1/2"]
[WhiteElo "2028"]
[BlackElo "2134"]
[PlyCount "92"]
[EventDate "2005.??.??"]
[EventType "corr"]
[EventRounds "2"]
[SourceDate "2005.10.20"]

1. e4 c5 2. Nf3 e6 3. d4 cxd4 4. Nxd4 Nc6 5. Nc3 Qc7 6. Be3 a6 7. f4 Bb4 8.
Nxc6 Qxc6 9. Qd4 Bxc3+ 10. bxc3 Nf6 11. Bd3 b5 12. e5 Nd5 13. Bd2 Bb7 14. c4
Ne7 15. cxb5 Qxg2 16. Rg1 Qxh2 17. b6 g6 18. O-O-O Rc8 19. c4 Nc6 20. Qe3 Qh4
21. Kb2 Qe7 22. Bc3 h5 23. Rd2 h4 24. a3 a5 25. Rg4 Nb8 26. Rh2 Na6 27. Qf2 Nc5
28. Bc2 h3 29. Rg3 Ne4 30. Bxe4 Bxe4 31. Rgxh3 Rxh3 32. Rxh3 d5 33. Bxa5 Qb7
34. c5 Qa6 35. Bb4 Kd7 36. Rh7 Qd3 37. Qg1 Qc2+ 38. Ka1 Kc6 39. Rh3 Ra8 40. Rc3
Qa4 41. Kb2 Rh8 42. Rc1 Rh1 43. Qe3 Rd1 44. Qe2 Rxc1 45. Kxc1 Qb3 46. Kd2 Qc2+
1/2-1/2

[Event "MCRE_CF_07"]
[Site "?"]
[Date "2005.??.??"]
[Round "?"]
[White "Vojtek, Frantisek"]
[Black "Fric, Pavel"]
[Result "1/2-1/2"]
[WhiteElo "2196"]
[BlackElo "2000"]
[PlyCount "77"]
[EventDate "2005.??.??"]
[EventType "corr"]
[EventRounds "2"]
[SourceDate "2005.10.20"]

1. e4 c5 2. Nf3 Nc6 3. d4 cxd4 4. Nxd4 Nf6 5. Nc3 e5 6. Ndb5 d6 7. Bg5 a6 8.
Na3 b5 9. Nd5 Be7 10. Bxf6 Bxf6 11. c3 O-O 12. Nc2 Bg5 13. a4 bxa4 14. Rxa4 a5
15. Bc4 Rb8 16. Ra2 Kh8 17. Nce3 g6 18. O-O f5 19. Qd3 f4 20. Nc2 f3 21. g3 h5
22. Rd1 h4 23. Ne1 hxg3 24. hxg3 Rb7 25. Bb5 Na7 26. Ba4 Rbf7 27. b4 axb4 28.
cxb4 Bh4 29. Qe3 Bg4 30. Bb3 Nb5 31. Bc4 Nd4 32. Rxd4 Bg5 33. Qd3 exd4 34.
Qxd4+ Kh7 35. Ra6 Be6 36. b5 Bh4 37. gxh4 Qxh4 38. b6 Qg4+ 39. Kh1 1/2-1/2

[Event "MCRE_CF_07"]
[Site "?"]
[Date "2005.??.??"]
[Round "?"]
[White "Mateka, Petr"]
[Black "Fric, Pavel"]
[Result "1/2-1/2"]
[WhiteElo "2183"]
[BlackElo "2000"]
[PlyCount "109"]
[EventDate "2005.??.??"]
[EventType "corr"]
[EventRounds "2"]
[SourceDate "2005.10.20"]

1. e4 c5 2. Nf3 d6 3. d4 cxd4 4. Nxd4 Nf6 5. Nc3 a6 6. Be2 e6 7. O-O Be7 8. f4
Nc6 9. Be3 O-O 10. Qe1 Nxd4 11. Bxd4 b5 12. a3 Bb7 13. Qg3 Bc6 14. Rad1 Qc7 15.
Kh1 Qb7 16. e5 Ne8 17. exd6 Bxd6 18. Bxg7 Bxg2+ 19. Qxg2 Qxg2+ 20. Kxg2 Kxg7
21. a4 Bb4 22. axb5 Bxc3 23. bxc3 axb5 24. Bxb5 Nc7 25. Bd3 Nd5 26. Rde1 Nxc3
27. f5 Rae8 28. Re3 exf5 29. Rg3+ Kh8 30. Rxf5 Nd1 31. Kf3 Re6 32. Rf4 h6 33.
Rd4 Rf6+ 34. Ke2 Nc3+ 35. Kd2 Rc8 36. Rg2 Nb1+ 37. Kc1 Nc3 38. Rdg4 Na2+ 39.
Kd2 Nc3 40. Rc4 Rxc4 41. Bxc4 Rf3 42. Bd3 Na4 43. Be4 Rh3 44. Bd5 f6 45. Be6
Rh5 46. Bg4 Rg5 47. Ke3 f5 48. Bf3 Rxg2 49. Bxg2 Kg7 50. Bh3 Kf6 51. Kf4 Nc3
52. Bxf5 Nd5+ 53. Ke4 Nc3+ 54. Kd3 Na2 55. Bh7 1/2-1/2

[Event "MCRE_CF_07"]
[Site "?"]
[Date "2005.??.??"]
[Round "?"]
[White "Fric, Pavel"]
[Black "Mateka, Petr"]
[Result "1/2-1/2"]
[WhiteElo "2000"]
[BlackElo "2183"]
[PlyCount "106"]
[EventDate "2005.??.??"]
[EventType "corr"]
[EventRounds "2"]
[SourceDate "2005.10.20"]

1. e4 e5 2. Nf3 Nc6 3. d4 exd4 4. Nxd4 Bc5 5. Be3 Qf6 6. c3 Nge7 7. Bc4 O-O 8.
O-O a6 9. f4 d6 10. Kh1 Bd7 11. Nc2 Be6 12. Bd3 Qh6 13. Bxc5 dxc5 14. Qe2 Rad8
15. Ne3 Bc8 16. Bc2 Ng6 17. g3 Rfe8 18. Nd2 Nge7 19. Nf3 b5 20. Ng5 c4 21. b3
f6 22. Nf3 cxb3 23. axb3 Kh8 24. b4 Bb7 25. Kg1 Qh5 26. Qg2 Nb8 27. Nd4 Nec6
28. Nb3 Nd7 29. Rad1 Qf7 30. Nd5 Rc8 31. Qh3 g6 32. Rd2 Ncb8 33. g4 c6 34. Na5
Ba8 35. Ne3 c5 36. Nd5 cxb4 37. cxb4 f5 38. Bb3 Nf6 39. Nb6 Qa7 40. Qe3 Rxe4
41. Qf2 Rxf4 42. Qxf4 Qxb6+ 43. Qd4 Qxd4+ 44. Rxd4 Nxg4 45. Re1 Nc6 46. Nxc6
Bxc6 47. Rc1 Ne5 48. Rd5 Re8 49. Rxe5 Rxe5 50. Rxc6 Re4 51. Rxa6 Rxb4 52. Bd5
Rg4+ 53. Kf2 Rh4 1/2-1/2

[Event "MCRE_CF_07"]
[Site "?"]
[Date "2005.??.??"]
[Round "?"]
[White "Prochazka, Ivan"]
[Black "Mateka, Petr"]
[Result "1/2-1/2"]
[WhiteElo "2039"]
[BlackElo "2183"]
[PlyCount "65"]
[EventDate "2005.??.??"]
[EventType "corr"]
[EventRounds "2"]
[SourceDate "2005.10.20"]

1. d4 Nf6 2. c4 e6 3. Nc3 Bb4 4. Nf3 d5 5. Bg5 O-O 6. e3 Nbd7 7. cxd5 exd5 8.
Bd3 c5 9. O-O Bxc3 10. bxc3 c4 11. Be2 h6 12. Bxf6 Nxf6 13. Ne5 Bf5 14. f3 Nd7
15. Qd2 Nxe5 16. dxe5 Re8 17. Qd4 b5 18. Rfd1 Qa5 19. f4 Be4 20. a3 Rad8 21.
Rd2 a6 22. Rda2 Qc7 23. a4 b4 24. cxb4 Rb8 25. Rb2 Re6 26. Qc3 Rg6 27. Bh5 Rgb6
28. a5 Rb5 29. Bf3 Bd3 30. Qd4 Rd8 31. g3 Qe7 32. Bg2 Rd7 33. Qc3 1/2-1/2

[Event "MCRE_CF_07"]
[Site "?"]
[Date "2005.??.??"]
[Round "?"]
[White "Prochazka, Ivan"]
[Black "Fric, Pavel"]
[Result "0-1"]
[WhiteElo "2039"]
[BlackElo "2000"]
[PlyCount "94"]
[EventDate "2005.??.??"]
[EventType "corr"]
[EventRounds "2"]
[SourceDate "2005.10.20"]

1. Nf3 Nf6 2. d4 d5 3. c4 e6 4. Nc3 c6 5. g3 Nbd7 6. Bg2 dxc4 7. O-O b5 8. Ne5
Nxe5 9. dxe5 Nd5 10. Qd4 Bb7 11. Ne4 Be7 12. Nd6+ Bxd6 13. exd6 O-O 14. Rd1 f6
15. b3 e5 16. Qc5 Qb6 17. Ba3 b4 18. Bxd5+ cxd5 19. Qxb4 Qxb4 20. Bxb4 a5 21.
Bc5 Rfc8 22. Bb6 Rc6 23. Bc7 c3 24. Rac1 Rc5 25. e3 Ba6 26. Rc2 Kf7 27. f3 Ke6
28. Kf2 a4 29. bxa4 g5 30. g4 h5 31. h3 hxg4 32. hxg4 Rh8 33. Kg3 Rh7 34. a5
Bb5 35. Rcc1 Rc6 36. a4 Be2 37. Re1 Bd3 38. Rg1 c2 39. Rge1 e4 40. a6 Rxa6 41.
a5 exf3 42. Rh1 Rxh1 43. Rxh1 Ra8 44. Rc1 Be4 45. Bb6 Kxd6 46. Bd4 Rxa5 47. Bc3
Rb5 0-1

[Event "MCRE_CF_07"]
[Site "?"]
[Date "2005.??.??"]
[Round "?"]
[White "Fric, Pavel"]
[Black "Prochazka, Ivan"]
[Result "1-0"]
[WhiteElo "2000"]
[BlackElo "2039"]
[PlyCount "89"]
[EventDate "2005.??.??"]
[EventType "corr"]
[EventRounds "2"]
[SourceDate "2005.10.20"]

1. e4 d6 2. d4 Nf6 3. Nc3 g6 4. Be3 Bg7 5. Qd2 c6 6. f3 b5 7. Nge2 Nbd7 8. Bh6
Bxh6 9. Qxh6 b4 10. Nd1 Ba6 11. Ne3 Qa5 12. Nc1 Bxf1 13. Rxf1 O-O-O 14. Nb3 Qb5
15. Kf2 Kb8 16. a3 Rc8 17. axb4 Qxb4 18. Ra3 Rc7 19. Rfa1 Ka8 20. Kg1 e6 21.
Qf4 e5 22. Qh4 exd4 23. Ra4 Qb5 24. Nxd4 Qb6 25. Qf2 Ne5 26. b3 Rb8 27. Qh4
Nfd7 28. c3 g5 29. Qxg5 Qc5 30. Nef5 Nb6 31. Ra6 Qxc3 32. f4 Ned7 33. Qg7 Nc8
34. Qxf7 Rb6 35. R6a2 Kb8 36. Rd1 c5 37. Rc2 cxd4 38. Rxc3 dxc3 39. Ne3 Nc5 40.
Qf5 Nxb3 41. e5 a5 42. exd6 Rxd6 43. Rxd6 Nxd6 44. Qe6 Nc4 45. Nc2 1-0